Statistics for Top 100 speedrun.com Series

Click here to take the quiz!

General Stats

  • This quiz has been taken 7 times
  • The average score is 8 of 100

Answer Stats

#Series% Correct
1Minecraft
100%
4Super Mario
100%
6Zelda
67%
20Final Fantasy
50%
12Grand Theft Auto
50%
43Kirby
50%
9Celeste
33%
33Donkey Kong
33%
13Pokemon
33%
57Batman
17%
52Call of Duty
17%
39Castlevania
17%
40Half-Life
17%
25LEGO
17%
72Luigi's Mansion
17%
53Metal Gear
17%
77Ninja Gaiden
17%
91Pikmin
17%
10Portal
17%
90Rayman
17%
7Resident Evil
17%
3ROBLOX
17%
85Silent Hill
17%
14Sonic
17%
44Tetris
17%
73The Last of Us
17%
19Call of Duty: Zombies
0%
34Counter-Strike
0%
26Crash Bandicoot
0%
64DAN-BALL
0%
50DC Comics
0%
61Destiny
0%
88Devil May Cry
0%
16Disney
0%
46Doom
0%
55Dragon Ball
0%
97Dr. Mario
0%
63Eddynardo
0%
67Five Nights at Freddy's
0%
28Geometry Dash
0%
100God of War
0%
8Google
0%
56Guild Wars
0%
48Harry Potter
0%
58Henry Stickmin
0%
5Hypixel
0%
84Jak and Daxter
0%
23Karlson
0%
41Kingdom Hearts
0%
66Mario Fan Games
0%
11Mario Kart
0%
60Mario Party
0%
82Mario Sports
0%
89Marvel
0%
94Meat Boy
0%
65Mega Man
0%
18Meteroid
0%
2Minecraft Custom Content
0%
15Minesweeper
0%
79Mirror's Edge
0%
31New Super Mario Bros.
0%
99Ori
0%
21Outlast
0%
80Pac-Man
0%
59Pac-Man Fangames
0%
81Papa Louie
0%
71Paper.io
0%
98Paper Mario
0%
93Paradox Grand Strategy
0%
74Penumbra
0%
54Plants vs. Zombies
0%
37Rainbow Six
0%
76Ratchet & Clank
0%
17Red Ball
0%
78Riddle School
0%
95Run
0%
86Sly Cooper
0%
70Sonic Fan Games
0%
27Souls
0%
51Spelunky
0%
92Splatoon
0%
30SpongeBob SquarePants
0%
22Spyro
0%
36Star Wars
0%
87Street Fighter
0%
68Streets of Rage
0%
83Subnautica
0%
75Super Mario 64 ROM Hacks
0%
42Super Mario Maker
0%
38Super Mario World ROM Hacks
0%
69Teenage Mutant Ninja Turtles
0%
35Tetris Fangames
0%
62The Simpsons
0%
24Titanfall
0%
49Tomb Raider
0%
96TrackMania
0%
45Undertale
0%
32Wii
0%
47Wii Sports
0%
29Windows
0%

Score Distribution

Percentile by Number Answered

Percent of People with Each Score

Your Score History

You have not taken this quiz